Former British Colonies - Statistics

General Stats
  • This quiz has been taken 979 times
  • The average score is 45 of 59
Answer Stats
Hint Answer % Correct
Kangaroos Australia
97%
Ganges River India
93%
Maple syrup Canada
92%
Pyramids Egypt
91%
Taliban from a 'Stan' country Afghanistan
90%
Kuwait City Is the Capital Kuwait
90%
'Stan' Cricket Nation Pakistan
90%
Baghdad is the caital Iraq
89%
People are called Kiwis New Zealand
88%
Christianity and Jerusalem Israel
87%
Usain Bolt Jamaica
87%
Nairobi Kenya
87%
Surrond by south africa Lesotho
84%
Next to Qatar Bahrain
83%
Sounds like Grenade Grenada
83%
Burma Myanmar
83%
An archipelago of 700 islands Caribbean Bahamas
82%
Capital is Kuala Lumpur Malaysia
82%
Sri ______ rupee is the currency Sri Lanka
82%
4th of July United States
82%
Oman's neighbour Yemen
82%
Currency Sudanese Pound Sudan
81%
Capital is Abu Dhabi United Arab Emirates
81%
Carribean Country Capital is St. John Zimbabwe
80%
North of South Africa Botswana
79%
Island Near Sicilly currency is euro Malta
79%
Lagos is one of cities Nigeria
79%
Double Barrel Caribbean Country St. ____ and _____ Saint Kitts and Nevis
79%
Currency is Seychellois Rupee Seychelles
79%
Currency Gambian dalasi The Gambia
79%
Where Rhianna was born Barbados
78%
Similar Fuji Fiji
78%
Nau_u Nauru
78%
2010 World Cup Holders South Africa
77%
Mount Kilimanjaro Tanzania
77%
Kiri_a_ Kiribati
76%
Currency is Swazi lilangeni Swaziland
76%
Caribbean Coutry St.____ Saint Lucia
75%
Leprechaun Ireland
74%
Capital is St. John (Caribbean Country) Antigua and Barbuda
73%
Capital is Accra Ghana
73%
2022 World cup Qatar
72%
Iganda Uganda
72%
Gambia without the 'G' Zambia
72%
Petra Jordan
71%
Neighbouring islands are Reunion and Madagscar Mauritius
68%
Van_ _ atu Vanuatu
68%
Capital is Georgetown Guyana
66%
Similar to dominos Dominica
64%
Its flag has the country outline on it Cyprus
63%
Capital is Freetown also popular US drink _____ Mist Sierra Leone
61%
Home to the Great Blue Hole Belize
59%
Borders Zambia Malawi
58%
Noodles Singapore
57%
Low lying set of islands Maldives
54%
Polynesian island nation located in the Pacific Ocean Tuvalu
54%
Oil rich nation in Asia Brunei
50%
King ________ Mines Solomon Islands
49%
Double barrel Carribbean country Trinidad and Tobago
39%
No matching quizzes found
Score Distribution
Percent of People with Each Score
Percentile by Number Answered
Your Score History
You have not taken this quiz